| 000 | 01080nam0a22003011 4500 | ||
|---|---|---|---|
| 001 | rc\4873252 | ||
| 005 | 20250612200440.0 | ||
| 021 |
_aRU _bРг5982-59 |
||
| 035 | _a(NLR Aleph) 008823298 | ||
| 090 |
_a8236093 _c8236093 |
||
| 100 | _a20130426d1959 |||y0rusy50 ca | ||
| 101 | 0 | _arus | |
| 102 | _aRU | ||
| 105 | _ay z ||||| | ||
| 200 | 1 |
_aЛенинское учение о профессиональных союзах _fО-во по распространению полит. и науч. знаний Белорус. ССР |
|
| 210 |
_aМинск _cБ. и. _d1959 |
||
| 215 |
_a[1], 29 с. _d30 |
||
| 225 | 1 |
_aМатериал в помощь лектору _fБелорус. респ. совет профсоюзов |
|
| 300 | _aНапеч. на ротаторе | ||
| 300 | _aТекст на одной стороне листа | ||
| 300 | _aЛитогр. | ||
| 333 | _aНа правах рукописи | ||
| 700 | 1 |
_aЧеренок _bИ.В. |
|
| 801 | 0 |
_aRU _bNLR _gpsbo |
|
| 801 | 1 |
_aRU _bELAR _2rusmarc |
|
| 852 |
_aNLR _j59-8/2200 |
||
| 942 | _cBOOK | ||
| 980 | _aNB | ||